| 000 | 00000nam##2200000za#4500 |
| 001 | 9.625706 |
| 003 | CaOODSP |
| 005 | 20200706134932 |
| 007 | ta |
| 008 | 150406|2001||||xxc||||| f|0| 0 fre|d |
| 020 | |a0-660-96570-4 |
| 022 | |a1200-5231 |
| 040 | |aCaOODSP|bfre |
| 043 | |an-cn--- |
| 086 | 1 |aCS11-0019/173F |
| 245 | 00|aEntraves à l'adoption des technologies de pointe pour les fabricants canadiens / |cpar John R. Baldwin et Zhengxi Lin. |
| 260 | |aOttawa - Ontario : |bStatistique Canada. |c2001. |
| 300 | |avii, 31p. : |bréférences, tableaux ; |c28 cm. |
| 490 | 1 |aDocuments de recherche|x1200-5231|vN° 173 |
| 563 | |aCouverture souple |
| 590 | |a01-39|b2001-09-28 |
| 691 | 07|aIndustrie de transformation|2gcpds |
| 691 | 07|aInnovation technologique|2gcpds |
| 710 | 2 |aStatistique Canada. |bDirection des études analytiques. |
| 720 | 1 |aBaldwin, John R. |
| 720 | 1 |aLin, Zhengxi |
| 776 | 0#|tEntraves à l'adoption des technologies de pointe pour les fabricants canadiens / |w(CaOODSP)9.590943 |
| 830 | #0|aDocuments de recherche,|x1200-5231|vN° 173|w(CaOODSP)9.512877 |